[Event "Narciso Yepes Mem"]
[Site "Lorca ESP"]
[Date "2007.06.27"]
[Round "6"]
[White "Alonso Garcia,R"]
[Black "Lalic,B"]
[Result "1/2-1/2"]
[WhiteElo "2368"]
[BlackElo "2519"]

1.d4 Nf6 2.Nf3 e6 3.c4 Bb4+ 4.Nbd2 b6 5.a3 Bxd2+ 6.Bxd2 Bb7 7.Bg5 h6 8.Bh4 d6
9.e3 Nbd7 10.Bxf6 Nxf6 11.Qa4+ Qd7 12.Qxd7+ Nxd7 13.Be2 c5 14.dxc5 dxc5 15.O-O Ke7
16.Rfd1 Rhd8 17.Kf1 Nf6 18.Rd3  1/2-1/2

[Event "ch-SWE"]
[Site "Stockholm SWE"]
[Date "2007.07.01"]
[Round "2"]
[White "Akesson,R"]
[Black "Ong,Kez"]
[Result "1-0"]
[WhiteElo "2478"]
[BlackElo "2284"]

1.d4 Nf6 2.c4 e6 3.Nf3 Bb4+ 4.Nbd2 b6 5.a3 Bxd2+ 6.Qxd2 Bb7 7.e3 O-O 8.Be2 d6
9.O-O Nbd7 10.b4 Ne4 11.Qc2 f5 12.Ne1 Qe7 13.Bb2 Rae8 14.f3 Ng5 15.Rd1 e5
16.c5 bxc5 17.bxc5 dxc5 18.dxe5 Nxe5 19.Bxe5 Qxe5 20.Qb3+ Kh8 21.Qxb7 Qxe3+
22.Rf2 Ne4 23.fxe4 fxe4 24.Nf3 exf3 25.Bxf3 c4 26.Qb2 c3 27.Qc1 Qc5 28.Rf1 g5
29.h3 Rf6 30.Kh1 Ree6 31.Bg4 Rxf2 32.Rxf2 Qxf2 33.Bxe6 Qc5 34.Qf1 Qe7 35.Bb3 Kg7
36.Qf2 c5 37.a4 a5 38.Qg3 Qf6 39.Qd3 Kh6 40.Bc2 Qg7 41.Qd6+ Kh5 42.g4+ Kh4
43.Kh2  1-0

[Event "Pivdenny Bank Cup"]
[Site "Odessa UKR"]
[Date "2007.07.04"]
[Round "1"]
[White "Shirov,A"]
[Black "Korchnoi,V"]
[Result "1-0"]
[WhiteElo "2699"]
[BlackElo "2623"]

1.d4 Nf6 2.c4 e6 3.Nf3 Bb4+ 4.Nbd2 O-O 5.a3 Bxd2+ 6.Qxd2 d6 7.g3 Qe7 8.Bg2 e5
9.dxe5 dxe5 10.Qc3 e4 11.Nd4 h6 12.b4 Re8 13.Bb2 c5 14.Nc2 Nc6 15.b5 Ne5
16.Ne3 Qf8 17.O-O b6 18.Rad1 Neg4 19.h3 Nxe3 20.Qxe3 Nh7 21.Qc3 Ng5 22.h4 Ne6
23.e3 Nc7 24.Rd6 Bg4 25.a4 f6 26.Rc6 Qe7 27.a5 Rab8 28.Ra1 Rb7 29.Qc2 Bd7
30.a6 Bxc6 31.axb7 Bxb7 32.Rxa7 Ba8 33.Qe2 Qd8 34.Qg4 Kh8 35.Qg6 Rf8 36.Rxa8 Nxa8
37.Bxe4 Kg8 38.Qh7+ Kf7 39.Bd5+ Ke7 40.Qxg7+ Kd6 41.e4 Qe7 42.e5+ fxe5 43.Bxe5+ Kd7
44.Qxh6 Qxe5 45.Qxf8 Nc7 46.Bc6+ Ke6 47.h5  1-0

[Event "Pivdenny Bank Cup"]
[Site "Odessa UKR"]
[Date "2007.07.05"]
[Round "5"]
[White "Gelfand,B"]
[Black "Korchnoi,V"]
[Result "1-0"]
[WhiteElo "2733"]
[BlackElo "2623"]

1.d4 Nf6 2.c4 e6 3.Nf3 Bb4+ 4.Nbd2 a5 5.a3 Bxd2+ 6.Bxd2 b6 7.Bg5 Bb7 8.e3 a4
9.Bd3 Ra5 10.e4 d6 11.O-O Nbd7 12.Re1 e5 13.Bd2 Ra8 14.Bc3 Qe7 15.Nd2 O-O
16.Nf1 exd4 17.Bxd4 Ne5 18.Bc2 c5 19.Bc3 Nxc4 20.Ng3 Rfd8 21.Bxa4 Qe6 22.Bb3 b5
23.a4 d5 24.axb5 Rxa1 25.Qxa1 dxe4 26.Qc1 Ne8 27.Ba5 Rd4 28.Ne2 Bd5 29.Bc3 Rd3
30.Nf4 Qd7 31.Nxd3 exd3 32.Qg5 f6 33.Rxe8+ Kf7 34.Qh5+ g6 35.Qxh7+ Kxe8 36.Qh8+ Ke7
37.Qxf6+ Ke8 38.Qxg6+ Bf7 39.Qe4+ Kf8 40.Bxc4 d2 41.Be2 d1=R+ 42.Bxd1 Qxd1+
43.Qe1 Qb3 44.h4 Qxb5 45.Qe5 Qc6 46.f3 c4 47.Bb4+ Kg8 48.Qg5+ Kh7 49.Bc3 Qb6+
50.Kh1 Qh6 51.Qxh6+ Kxh6 52.g4 Bd5 53.Kg2 Kg6 54.Kg3 Bc6 55.h5+  1-0

[Event "Spring A"]
[Site "Volodarskij RUS"]
[Date "2007.07.07"]
[Round "14"]
[White "Tomilin,Ar"]
[Black "Kravchenja,A"]
[Result "1-0"]
[WhiteElo "2365"]
[BlackElo "2042"]

1.d4 Nf6 2.c4 e6 3.Nf3 Bb4+ 4.Nbd2 O-O 5.a3 Bxd2+ 6.Bxd2 Ne4 7.Be3 d6 8.Qc2 f5
9.g3 Nd7 10.Bg2 Qe7 11.O-O Ndf6 12.b4 Ng4 13.Bc1 Bd7 14.Nd2 Nxd2 15.Bxd2 Rab8
16.b5 c6 17.a4 Rbc8 18.Rab1 e5 19.h3 Nf6 20.dxe5 dxe5 21.bxc6 bxc6 22.Rb7 Qe6
23.Rxa7 Ra8 24.Rxa8 Rxa8 25.a5 e4 26.Ra1 Bc8 27.Qc3 Ba6 28.Rc1 Nd7 29.Bf4 Rd8
30.Rd1 Qxc4 31.Qxc4+ Bxc4 32.Bc7 Bxe2 33.Rd2  1-0

[Event "ch-BEL Expert"]
[Site "Namur BEL"]
[Date "2007.07.08"]
[Round "9"]
[White "Duric,S"]
[Black "Saiboulatov,D"]
[Result "1/2-1/2"]
[WhiteElo "2214"]
[BlackElo "2415"]

1.d4 e6 2.Nf3 Nf6 3.c4 Bb4+ 4.Nbd2 b6 5.a3 Bxd2+ 6.Qxd2 Bb7 7.e3 d6 8.Be2 Nbd7
9.b4 a5 10.Bb2 axb4 11.axb4 Rxa1+ 12.Bxa1 b5 13.c5 O-O 14.O-O Qb8 15.Rc1 Qa8  1/2-1/2

[Event "Spring A"]
[Site "Volodarskij RUS"]
[Date "2007.07.08"]
[Round "15"]
[White "Makogonov,I"]
[Black "Zargarian,R"]
[Result "1/2-1/2"]
[WhiteElo "2379"]
[BlackElo "2302"]

1.d4 Nf6 2.c4 e6 3.Nf3 Bb4+ 4.Nbd2 O-O 5.a3 Be7 6.e4 d5 7.e5 Nfd7 8.cxd5 exd5
9.Be2 c5 10.dxc5 a5 11.Nb3 a4 12.Nbd4 Nxc5 13.O-O Nc6 14.Be3 Bg4 15.Nxc6 bxc6
16.Rc1 Ne6 17.Rxc6 d4 18.Bc1 Qd5 19.Rc3 Bxf3 20.Bxf3 Qxe5 21.Re1 Qb5 22.Bc6 Qa6
23.Bxa8 dxc3 24.Be4 Rd8  1/2-1/2

[Event "Lake Sevan"]
[Site "Martuni ARM"]
[Date "2007.07.11"]
[Round "6"]
[White "Pashikian,A"]
[Black "Macieja,B"]
[Result "1/2-1/2"]
[WhiteElo "2538"]
[BlackElo "2616"]

1.d4 Nf6 2.c4 e6 3.Nf3 Bb4+ 4.Nbd2 b6 5.a3 Bxd2+ 6.Qxd2 Bb7 7.e3 O-O 8.Be2 d6
9.O-O Nbd7 10.b4 a5 11.Bb2 axb4 12.axb4 Qe7 13.Rxa8 Rxa8 14.Ra1 Rxa1+ 15.Bxa1 Qd8
16.Qa2 c5 17.dxc5 bxc5 18.b5 Qa8 19.Qxa8+ Bxa8 20.Nd2 Kf8 21.f3 Nb6 22.Bc3 Nfd7
23.g4 f6 24.Kf2 h6 25.h4 Ke7 26.f4 Na4 27.Ba1 Kf7 28.Bd3 Nab6 29.Kg3 g6 30.f5 gxf5
31.gxf5 Ne5 32.Bxe5 fxe5 33.fxe6+ Kxe6 34.Bh7 d5 35.cxd5+ Bxd5 36.e4 Bb7
37.Bg8+ Ke7 38.Kg4 Nc8 39.Kh5 Nd6 40.Kxh6 Nxb5 41.Kg5 Nd6 42.Bd5 Bxd5  1/2-1/2

[Event "ChIP"]
[Site "Paris FRA"]
[Date "2007.07.11"]
[Round "5"]
[White "Fressinet,L"]
[Black "Fedorchuk,S"]
[Result "1/2-1/2"]
[WhiteElo "2646"]
[BlackElo "2618"]

1.d4 Nf6 2.c4 e6 3.Nf3 Bb4+ 4.Nbd2 O-O 5.a3 Bxd2+ 6.Bxd2 b6 7.Bg5 Bb7 8.e3 d6
9.Be2 Nbd7 10.O-O h6 11.Bh4 Qe7 12.Nd2 c5 13.b4 e5 14.Re1 cxd4 15.exd4 Rfe8
16.Bd3 Qf8 17.d5 b5 18.Bxf6 Nxf6 19.Nf1 e4 20.Be2 Qe7 21.Qd4 Qe5 22.Red1 a5
23.Qxe5 Rxe5 24.Ne3 axb4 25.axb4 Rxa1 26.Rxa1 bxc4 27.Bxc4 Bxd5 28.Ra5 Bxc4
29.Rxe5 dxe5 30.Nxc4 Nd7 31.Nd6 Kf8 32.Nxe4 Ke7 33.Kf1 f5 34.Nc3 e4 35.Ke2 Ke6
36.f3 Ke5 37.fxe4 Kd4 38.Nb5+ Kxe4 39.Nd6+ Ke5 40.Nc4+ Kd4 41.Ne3 g6 42.h4  1/2-1/2

[Event "Open"]
[Site "Banska Stiavnica SVK"]
[Date "2007.07.12"]
[Round "6"]
[White "Mateuta,G"]
[Black "Macak,S"]
[Result "1-0"]
[WhiteElo "2487"]
[BlackElo "2370"]

1.d4 Nf6 2.Nf3 e6 3.c4 Bb4+ 4.Nbd2 O-O 5.a3 Bxd2+ 6.Bxd2 d6 7.Qc2 Qe7 8.Bc3 Nbd7
9.e4 e5 10.d5 a5 11.Be2 Nc5 12.Nd2 a4 13.O-O Nfd7 14.Rae1 Qg5 15.Kh1 f5 16.f4 exf4
17.Nf3 Qe7 18.exf5 Qe4 19.Qxe4 Nxe4 20.Nd4 Nxc3 21.bxc3 g5 22.fxg6 Ne5 23.gxh7+ Kxh7
24.Rf2 Kh6 25.Ref1 Ng6 26.Bd1 Bd7 27.Bc2 Ne5 28.Rxf4 Kg7 29.Bf5 Bxf5 30.Nxf5+ Kg6
31.g4 Rf7 32.Kg2 Ra6 33.Nh4+ Kg7 34.Rxf7+ Nxf7 35.Nf5+ Kg6 36.Rb1 Ne5 37.Ne3 b6
38.Rf1 Ra8 39.Rf4 Re8 40.Re4 Rf8 41.h3 Nf3 42.Re6+ Kh7 43.Nf5 Nd2 44.Re7+ Kg6
45.Rxc7 Rh8  1-0

[Event "Inautomarket Open"]
[Site "Minsk BLR"]
[Date "2007.07.13"]
[Round "4"]
[White "Tihonov,J"]
[Black "Lutsko,I"]
[Result "1/2-1/2"]
[WhiteElo "2542"]
[BlackElo "2418"]

1.d4 Nf6 2.Nf3 e6 3.c4 Bb4+ 4.Nbd2 d5 5.a3 Be7 6.e3 O-O 7.Qc2 a5 8.b3 b6
9.Bb2 c5 10.Bd3 Bb7 11.O-O Nbd7 12.Rac1 a4 13.bxa4 cxd4 14.exd4 h6 15.Ne5 Nxe5
16.dxe5 Nd7 17.cxd5 Bxd5 18.Bb5 Nc5 19.Nc4 Be4 20.Qc3 Nxa4 21.Bxa4 Rxa4 22.Rfd1 Bd5
23.Ne3 Ra5 24.Qc7 Bg5 25.Bd4 Qa8 26.Bxb6 Bxe3 27.fxe3 Rb5 28.Rd2 Qxa3 29.Bd4  1/2-1/2

[Event "FSIMB July"]
[Site "Budapest HUN"]
[Date "2007.07.15"]
[Round "9"]
[White "Werner,Di"]
[Black "Toth,Li"]
[Result "1-0"]
[WhiteElo "2348"]
[BlackElo "2218"]

1.d4 Nf6 2.c4 e6 3.Nf3 Bb4+ 4.Nbd2 b6 5.a3 Bxd2+ 6.Qxd2 Bb7 7.e3 d6 8.Be2 Nbd7
9.b4 O-O 10.O-O Ne4 11.Qc2 f5 12.Bb2 Ng5 13.Qd1 Nxf3+ 14.Bxf3 Bxf3 15.Qxf3 Rc8
16.e4 f4 17.e5 Rf5 18.Rfe1 dxe5 19.dxe5 Qg5 20.h3 h5 21.Rad1 Nf8 22.Kh2 Ng6
23.Qc6 Rcf8 24.Qxe6+ Kh7 25.Qc6 f3 26.g3 h4 27.Rg1 Nxe5 28.Qe4 Ng6 29.gxh4 Qh5
30.Rd7 R8f7 31.Rxf7 Rxf7 32.Rg5 Qh6 33.Qg4 Rf4 34.Qg3 Rf7 35.Qg4 Rf4 36.Rh5 Rxg4
37.Rxh6+ Kxh6 38.hxg4 Nxh4 39.Kg3 Ng6 40.b5 Nf8 41.Kxf3 Ne6 42.Ke4 Kg5 43.f3 Nc5+
44.Kd5 g6 45.Be5  1-0

[Event "Heart of Finland"]
[Site "Jyvaskyla FIN"]
[Date "2007.07.18"]
[Round "6"]
[White "Nyback,T"]
[Black "Miezis,N"]
[Result "0-1"]
[WhiteElo "2567"]
[BlackElo "2524"]

1.d4 Nf6 2.Nf3 e6 3.c4 Bb4+ 4.Nbd2 c5 5.a3 Bxd2+ 6.Bxd2 cxd4 7.Nxd4 d5 8.e3 O-O
9.cxd5 Qxd5 10.Nb5 Na6 11.Bc3 Rd8 12.Be2 Bd7 13.Bxf6 Qxd1+ 14.Rxd1 gxf6 15.b4 Bxb5
16.Bxb5 Nc7 17.Be2 a5 18.b5 Nd5 19.Rc1 b6 20.Rc6 Rac8 21.Rxc8 Rxc8 22.Kd2 Nc3
23.Bd3 Na4 24.Rc1 Nc5 25.Bc2 f5 26.f3 h6 27.Rd1 Kf8 28.Kc1 Ke7 29.Kb2 Nb7
30.Rd4 Nd6 31.Bd3 Rc5 32.a4 Re5 33.e4 fxe4 34.Bxe4 Rh5 35.h3 Rh4 36.Kc3 e5
37.Rd5 Nxe4+ 38.fxe4 Rxe4 39.Kd3 Re1 40.Kd2 Re4 41.Kd3 Ke6 42.Rd8 Rxa4 43.Rh8 Rh4
44.Kc3 Kd5 45.Rc8 Rb4  0-1

[Event "Synthesia Rapid Open"]
[Site "Pardubice CZE"]
[Date "2007.07.19"]
[Round "8"]
[White "Zakhartsov,V"]
[Black "Stocek,J"]
[Result "1/2-1/2"]
[WhiteElo "2559"]
[BlackElo "2572"]

1.d4 Nf6 2.c4 e6 3.Nf3 Bb4+ 4.Nbd2 O-O 5.a3 Be7 6.e4 d5 7.Qc2 c5 8.dxc5 a5
9.Bd3 h6 10.O-O Nbd7 11.cxd5 exd5 12.exd5 Nxc5 13.Ne4 Qxd5 14.Nxc5 Bxc5 15.Bf4 Bg4
16.Bc4 Qe4 17.Qxe4 Nxe4 18.Bd5 Bxf3 19.gxf3 Bd6 20.fxe4 Bxf4 21.Rad1 Ra7
22.Rd3 g5 23.Rb3 Kg7 24.Rd1 Rd8 25.Rdd3 Rd6 26.Rb5 b6 27.Rdb3 a4 28.R3b4 Bd2
29.Rc4 Re7 30.Rxa4 f5 31.exf5 Re1+ 32.Kg2 Kf6 33.Bf3 Re5 34.Rxe5 Kxe5 35.Rc4 Kxf5
36.b4 Bf4 37.h3 Rd2 38.Be4+ Ke5 39.Kf3 Ra2 40.Rc3 Bd2 41.Rd3 Be1 42.Rd5+ Ke6
43.Rb5 Rxa3+ 44.Ke2 Bc3 45.Rxb6+ Ke5 46.Bc2 Bd4 47.Rxh6 Ra2 48.Kd3 Bxf2 49.Bb3 Rb2
50.Kc4 Kf4 51.b5 Kg3 52.b6 Bxb6 53.Rxb6 Kxh3 54.Kc3 Rf2 55.Bd5 g4 56.Rh6+ Kg3
57.Kd3 Rf4 58.Ke3 Ra4 59.Be4 Ra3+ 60.Bd3 Ra4 61.Rg6 Rb4 62.Bf5 Ra4  1/2-1/2

[Event "Siberia A"]
[Site "Novosibirsk RUS"]
[Date "2007.07.20"]
[Round "1"]
[White "Kaiyrbekov,R"]
[Black "Vekshenkov,N"]
[Result "0-1"]
[WhiteElo "2293"]
[BlackElo "2422"]

1.d4 Nf6 2.c4 e6 3.Nf3 Bb4+ 4.Nbd2 b6 5.a3 Bxd2+ 6.Qxd2 a5 7.b3 Bb7 8.g3 O-O
9.Bg2 d6 10.O-O Nbd7 11.Bb2 Qe7 12.Rfe1 Rfb8 13.b4 axb4 14.axb4 Qe8 15.Nh4 Bxg2
16.Nxg2 Rxa1 17.Rxa1 Ra8 18.Qd1 Qb8 19.Ra4 b5 20.cxb5 Nb6 21.Rxa8 Qxa8 22.Qc2 Qa4
23.Ne3 Qxc2 24.Nxc2 Na4 25.Ba1 d5 26.Kf1 Kf8 27.Ke1 Ke7 28.f3 Ne8 29.Kd2 Nd6
30.Na3 Nb6 31.Kc2 Nbc4 32.Nxc4 Nxc4 33.Kb3 Kd7 34.Bc3 Kc8 35.g4 Kb7 36.Be1 Nd6
37.h4 Nxb5 38.Bf2 Kb6 39.h5 c6 40.g5 g6 41.h6 Ka6 42.e4 dxe4 43.fxe4 Nd6
44.e5 Ne4 45.Kc4 Nxf2 46.Kc5 Kb7 47.Kd6 Ne4+ 48.Ke7 Nxg5 49.Kf6 Ne4+ 50.Kg7 g5
51.Kxh7 g4 52.Kg7 Ng5 53.Kf6 g3  0-1

[Event "11th Festival Open A"]
[Site "Senta SRB"]
[Date "2007.07.23"]
[Round "4"]
[White "Andonov,B"]
[Black "Geleta,J"]
[Result "1-0"]
[WhiteElo "2383"]
[BlackElo "2235"]

1.Nf3 Nf6 2.c4 e6 3.d4 Bb4+ 4.Nbd2 b6 5.a3 Be7 6.e4 Bb7 7.Bd3 d6 8.Qe2 Nbd7
9.O-O e5 10.d5 a5 11.b3 Nf8 12.Bb2 Ng6 13.g3 Nd7 14.Ne1 O-O 15.Ng2 Re8 16.Ne3 Bf8
17.f4 exf4 18.gxf4 Nf6 19.Kh1 Bc8 20.Rf2 Qe7 21.Rg1 Nxe4 22.Nxe4 f5 23.Ng5 Qxe3
24.Qh5 h6 25.Re2 Qxd3 26.Qxg6 hxg5 27.Qxe8 Qf3+ 28.Rgg2 g4 29.Re1 a4 30.Kg1 Qxf4
31.Re7  1-0

[Event "MTO"]
[Site "Biel SUI"]
[Date "2007.07.26"]
[Round "4"]
[White "Meenakshi,Sub"]
[Black "Harika,D"]
[Result "1/2-1/2"]
[WhiteElo "2327"]
[BlackElo "2478"]

1.d4 Nf6 2.c4 e6 3.Nf3 Bb4+ 4.Nbd2 b6 5.g3 Bb7 6.Bg2 O-O 7.a3 Bxd2+ 8.Qxd2 a5
9.b3 d6 10.O-O Nbd7 11.Bb2 Be4 12.Ne1 d5 13.Rc1 Bxg2 14.Nxg2 a4 15.cxd5 exd5
16.b4 Ne4 17.Qf4 Nd6 18.Ne3 Nf6 19.Qf3 Nde4 20.Rc2 Re8 21.Rfc1 Ra7 22.Qf4 Nd6
23.Qf3 Nde4 24.Qf4 Nd6 25.Qf3 Nde4  1/2-1/2

[Event "Sun Pawn Open"]
[Site "Ilichevsk UKR"]
[Date "2007.07.31"]
[Round "11"]
[White "Nyzhnyk,I"]
[Black "Vdovichenko,V"]
[Result "1-0"]
[WhiteElo "2341"]
[BlackElo "2198"]

1.d4 Nf6 2.c4 e6 3.Nf3 Bb4+ 4.Nbd2 d5 5.e3 O-O 6.Be2 Nbd7 7.O-O b6 8.a3 Bxd2
9.Bxd2 Bb7 10.Rc1 Ne4 11.Qc2 Nxd2 12.Nxd2 Rc8 13.cxd5 exd5 14.Bd3 g6 15.Qa4 a6
16.Nf3 c5 17.dxc5 bxc5 18.Be2 Qe7 19.Rfe1 Rfd8 20.b4 cxb4 21.axb4 Nb6 22.Qa1 Nc4
23.Qb1 Rd6 24.Qb3 Rb6 25.Rb1 Ba8 26.Qc3 Rcb8 27.Ra1 Rxb4 28.Rxa6 Rb1 29.Ra1 Rxe1+
30.Rxe1 Nd6 31.Qa3 Qf6 32.Qa1 Qe7 33.Rc1 Ne4 34.h3 Re8 35.Qd4 Qa3 36.Ra1 Qb3
37.Bd1 Qc4 38.Ra4 Qc1 39.Qa1 Qc8 40.Nd4 Bb7 41.Ra3 Qc7 42.Qb2 Rb8 43.Rb3 Qa5
44.Nf3 Nc5 45.Rb5 Qc7 46.Qb4 Na6 47.Qb2 Bc6 48.Rxb8+ Qxb8 49.Qd4 Qb4 50.Qf6 Qb1
51.Qxc6 Qxd1+ 52.Kh2 Qd3 53.Ne5 Qf5 54.Nd7 Kg7 55.f4 Nb4 56.Qc8 h6 57.Qc3+ Kg8
58.Nf6+  1-0

[Event "Open NK"]
[Site "Dieren NED"]
[Date "2007.08.01"]
[Round "8"]
[White "L'Ami,E"]
[Black "Van den Doel,E"]
[Result "1/2-1/2"]
[WhiteElo "2598"]
[BlackElo "2587"]

1.d4 Nf6 2.c4 e6 3.Nf3 Bb4+ 4.Nbd2 O-O 5.a3 Be7 6.e3 b6 7.b4 c5 8.dxc5 a5
9.Bb2 axb4 10.axb4 Rxa1 11.Bxa1 Na6 12.Qb3 bxc5 13.b5 Nb4 14.Be2 Bb7 15.O-O Qa5
16.Bc3 Ra8 17.Ra1 Qd8 18.Ra4 Kf8 19.Ne1 Rxa4 20.Qxa4 Qa8 21.Qxa8+ Bxa8 22.Bxb4 cxb4
23.Nb3 Ke8 24.f3 Kd8 25.Nd3 Kc7 26.e4 Kb6 27.Nb2 d6 28.Na4+ Kc7 29.Nb2 Nd7
30.Nd3 Nc5 31.Ndxc5 dxc5 32.Kf2 e5  1/2-1/2

[Event "Proclient Cup IMA"]
[Site "Olomouc CZE"]
[Date "2007.08.01"]
[Round "1"]
[White "Tibensky,R"]
[Black "Cernin,R"]
[Result "1-0"]
[WhiteElo "2433"]
[BlackElo "2314"]

1.d4 Nf6 2.c4 e6 3.Nf3 Bb4+ 4.Nbd2 b6 5.e3 Bb7 6.Bd3 Ne4 7.O-O f5 8.Qc2 Bxd2
9.Nxd2 Qh4 10.f3 Nxd2 11.Bxd2 O-O 12.d5 Na6 13.b4 Rad8 14.a3 c5 15.e4 fxe4
16.fxe4 Nb8 17.bxc5 bxc5 18.Be3 exd5 19.cxd5 d6 20.Qd2 h6 21.Rab1 Qe7 22.h3 Rxf1+
23.Rxf1 Nd7 24.Rb1 Nf6 25.Bf4 Bc8 26.Qc2 Rf8 27.Bh2 Nd7 28.Kh1 Ne5 29.Bf1 Bd7
30.Qc3 Ng6 31.Bd3 Be8 32.Bg3 Nf4 33.Rf1 Qg5 34.Kh2 Bg6 35.Bc2 Rf6 36.Qe1 Nh5
37.Rxf6 Qxf6 38.e5 dxe5 39.Bxe5 Qf7 40.Bxg6 Qxg6 41.d6 Qe6 42.Qc3 Qd5 43.g4 Qa2+
44.Kg1 Qb1+ 45.Kf2 Qa2+ 46.Ke3 Nf6 47.Bxf6 gxf6 48.Qxf6 Qxa3+ 49.Kf4 c4 50.d7 Qc1+
51.Ke5 Qe3+ 52.Kd6 Qb6+ 53.Ke7 Qc5+ 54.Ke8  1-0

[Event "Jihlavanka Cup GMB"]
[Site "Olomouc CZE"]
[Date "2007.08.01"]
[Round "1"]
[White "Zakhartsov,V"]
[Black "Lechtynsky,J"]
[Result "1/2-1/2"]
[WhiteElo "2559"]
[BlackElo "2447"]

1.d4 Nf6 2.c4 e6 3.Nf3 Bb4+ 4.Nbd2 c5 5.a3 Bxd2+ 6.Qxd2 cxd4 7.Nxd4 d5 8.e3 O-O
9.b4 b6 10.cxd5 Qxd5 11.Nb5 Bd7 12.Qxd5 Nxd5 13.Nd6 Ba4  1/2-1/2

[Event "12th Open"]
[Site "Creon FRA"]
[Date "2007.08.05"]
[Round "9"]
[White "Delorme,L"]
[Black "Souevamanien,P"]
[Result "1-0"]
[WhiteElo "2040"]
[BlackElo "2160"]

1.d4 Nf6 2.Nf3 e6 3.c4 Bb4+ 4.Nbd2 b6 5.a3 Bxd2+ 6.Qxd2 Ne4 7.Qc2 Bb7 8.g3 O-O
9.Bg2 f5 10.O-O Qe8 11.b4 a5 12.Bb2 d6 13.d5 e5 14.Nh4 axb4 15.axb4 Rxa1
16.Rxa1 Na6 17.f3 Nxb4 18.Qa4 Qxa4 19.Rxa4 Nc5 20.Rxb4 g5 21.f4 gxh4 22.fxe5 f4
23.gxh4 dxe5 24.Bxe5 Na6 25.Ra4 Rf5 26.Bd4 Rf7 27.d6 Bxg2 28.Kxg2 Nc5 29.Ra8+  1-0

[Event "XVIII Kochan Mem"]
[Site "Koszalin POL"]
[Date "2007.08.05"]
[Round "1"]
[White "Malaniuk,V"]
[Black "Tofil,B"]
[Result "1-0"]
[WhiteElo "2522"]
[BlackElo "2148"]

1.d4 Nf6 2.Nf3 e6 3.c4 Bb4+ 4.Nbd2 O-O 5.a3 Bxd2+ 6.Qxd2 b6 7.Qc2 Bb7 8.Bg5 d6
9.e3 Nbd7 10.Bd3 Qe8 11.O-O h6 12.Bh4 e5 13.Nd2 Qe6 14.Bf5 Qe7 15.Rae1 Rad8
16.f4 Rfe8 17.fxe5 dxe5 18.Bxd7 Rxd7 19.Bxf6 gxf6 20.d5 e4 21.Rf4 f5 22.Nf1 c6
23.Ng3 cxd5 24.Nxf5 Qe6 25.Qf2 Kh7 26.Rh4 Red8 27.Qf4  1-0

[Event "Proclient Cup IMA"]
[Site "Olomouc CZE"]
[Date "2007.08.06"]
[Round "8"]
[White "Mihailovs,J"]
[Black "Cernin,R"]
[Result "1-0"]
[WhiteElo "2317"]
[BlackElo "2314"]

1.d4 Nf6 2.c4 e6 3.Nf3 Bb4+ 4.Nbd2 b6 5.a3 Bxd2+ 6.Qxd2 Bb7 7.e3 O-O 8.Bd3 Ne4
9.Qc2 f5 10.b3 d6 11.Bb2 Nd7 12.O-O-O c5 13.Rhg1 cxd4 14.g4 Nc3 15.Nxd4 Nxd1
16.Qxd1 Nc5 17.Nxe6 Nxe6 18.gxf5 Ng5 19.Qh5 h6 20.Bxg7  1-0

[Event "Arctic Chess Challenge"]
[Site "Tromso NOR"]
[Date "2007.08.06"]
[Round "3"]
[White "Moiseenko,A1"]
[Black "Suarez Pousa,D"]
[Result "1-0"]
[WhiteElo "2641"]
[BlackElo "2418"]

1.d4 Nf6 2.c4 e6 3.Nf3 Bb4+ 4.Nbd2 O-O 5.a3 Be7 6.e4 d5 7.e5 Nfd7 8.b4 a5
9.b5 c5 10.Bb2 b6 11.a4 Bb7 12.Be2 Re8 13.O-O Nf8 14.cxd5 exd5 15.Qc2 Nbd7
16.Rfe1 Rc8 17.Qf5 Ne6 18.Rad1 Ndf8 19.dxc5 bxc5 20.Nc4 Nd4 21.Nxd4 cxd4
22.Rxd4 Ne6 23.Rdd1 Bb4 24.Nd6 Bxd6 25.exd6 Qxd6 26.Bh5 Rf8 27.Bxf7+ Rxf7
28.Qxe6 Qb4 29.Rd4 Rc4 30.Rxc4 dxc4 31.Qe8+ Rf8 32.Qe5 Rf7 33.Qb8+ Rf8 34.Qe5 Rf7
35.Bc3 Qf8 36.f3 Rf6 37.Qc7 Rf7 38.Qxc4  1-0

[Event "KRK WGM"]
[Site "Dobrinj CRO"]
[Date "2007.08.07"]
[Round "3"]
[White "Maisuradze,N"]
[Black "Franciskovic,B"]
[Result "1/2-1/2"]
[WhiteElo "2231"]
[BlackElo "2273"]

1.d4 Nf6 2.Nf3 e6 3.c4 Bb4+ 4.Nbd2 b6 5.a3 Bxd2+ 6.Qxd2 Bb7 7.e3 O-O 8.Be2 d6
9.O-O Nbd7 10.b4 Ne4 11.Qc2 f5 12.Bb2 Qe8 13.Nd2 Nxd2 14.Qxd2 Rf6 15.Rac1 Rh6
16.d5 Qg6 17.f4 Nf6 18.Bf3 Re8 19.Rc2 exd5 20.cxd5 Qf7 21.Rfc1 Re7 22.Bxf6 Rxf6
23.Rc3 h6 24.h4 Kf8 25.h5 Rd7 26.Kf2 Re7 27.g3 Kg8 28.a4 Kh8 29.Qd3 Kg8 30.a5 Kh8
31.a6 Bc8 32.b5 Kg8 33.Be2 Kh8 34.Rc6 Kh7 35.R1c3 Kh8 36.Bf3 Kh7 37.Qc4 Bd7
38.Rxc7 Be8 39.Rxe7 Qxe7 40.e4 Rf7 41.Qd3 Kh8 42.Rc8 Rf8 43.Qc4 Qf6 44.Be2 Kh7
45.Ke3 Qb2 46.Qc3 Qb1 47.Qd3 Qg1+ 48.Kd2 Bxb5 49.Rxf8 Bxd3 50.Bxd3 Qf2+ 51.Kc3 Qe1+
52.Kd4 Qf2+ 53.Kc3 Qe1+ 54.Kd4 Qb4+ 55.Ke3 Qe1+  1/2-1/2

[Event "UTwente YM"]
[Site "Hengelo NED"]
[Date "2007.08.08"]
[Round "4"]
[White "Kuzubov,Y"]
[Black "Harika,D"]
[Result "1/2-1/2"]
[WhiteElo "2568"]
[BlackElo "2478"]

1.d4 Nf6 2.c4 e6 3.Nf3 Bb4+ 4.Nbd2 b6 5.a3 Bxd2+ 6.Bxd2 h6 7.Bf4 Nh5 8.Bc1 Bb7
9.e3 d6 10.b4 Nd7 11.Bb2 Nhf6 12.Be2 Qe7 13.O-O O-O 14.Nd2 c5 15.Qb3 a5 16.Bc3 axb4
17.axb4 Rxa1 18.Rxa1 Ra8 19.Rxa8+ Bxa8 20.Qa3 Qd8 21.f3 Qc8 22.Nb3 Bb7 23.e4 e5
24.dxc5 bxc5 25.bxc5 dxc5 26.Bd2 Ba6 27.Be3 Nb6 28.Nd2 Nbd7 29.Nb1 Nb6 30.Qa2 Ne8
31.Nc3 Nd6 32.Nd5 Nxd5 33.exd5 Nf5 34.Bf2 Nd4 35.Bd3 Bb7 36.Qa5 Qa8 37.Qxa8+ Bxa8
38.Bg3 f6 39.f4 exf4 40.Bxf4 Bb7 41.Bc7 Kf7 42.Bb6 Nb3 43.Kf2 Ba6 44.Ke3 Ke7
45.Ba7 g6 46.Bb6 Kd6 47.Bd8 f5 48.h4 Kd7 49.Bb6 Kd6 50.g3 Nc1 51.Bf1 Nb3
52.Bd8 Kd7 53.Bb6 Kd6 54.Bd8 Kd7 55.Bf6 Na5 56.Kf4 Bxc4 57.Bg2 Bd3 58.Bg7 g5+
59.Ke3 Bb1 60.Bxh6 f4+ 61.Kf3 fxg3 62.Bxg5 Nc4 63.Kxg3 Bg6 64.Bf4 Nd6 65.Kg4 c4
66.h5 Bh7 67.Kg5 c3 68.h6 Ke7 69.Bc1 c2 70.Kf4 Kf6 71.Bh3 Be4 72.Be6 Bh7
73.Kf3 Nb5 74.Ke3 Nc7 75.Bb2+ Ke7 76.Ba3+ Kf6 77.Bb2+ Ke7  1/2-1/2

[Event "ch-Euro Rapid Women"]
[Site "Predeal ROM"]
[Date "2007.08.08"]
[Round "3"]
[White "Lazo,X"]
[Black "Nikolova,A"]
[Result "0-1"]
[WhiteElo "2087"]
[BlackElo "2234"]

1.d4 Nf6 2.c4 e6 3.Nf3 Bb4+ 4.Nbd2 d5 5.a3 Bxd2+ 6.Qxd2 b6 7.e3 O-O 8.Qc2 Bb7
9.Be2 Nbd7 10.O-O dxc4 11.Qxc4 c5 12.dxc5 Nxc5 13.b4 Nce4 14.Bb2 Rc8 15.Qd3 Bd5
16.Rac1 Qe7 17.Nd4 Rfd8 18.f3 Nd6 19.e4 Bc4 20.Qe3 Qb7 21.Rfd1 h6 22.Rc3 Qa6
23.Rdc1 Bxe2 24.Rxc8 Rxc8 25.Rxc8+ Qxc8 26.Qxe2 Nc4 27.Qc2 a6 28.Nb3 Nd7
29.Qc3 e5 30.a4 b5 31.axb5 axb5 32.Na5 Ndb6 33.Ba1 Qd7 34.Kf2 f6 35.Nb3 Na4
36.Qc2 Qa7+ 37.Kg3 Qe3 38.Nc1 Qe1+ 39.Kh3 g5  0-1

[Event "Arctic Chess Challenge"]
[Site "Tromso NOR"]
[Date "2007.08.10"]
[Round "7"]
[White "Mikhalevski,V"]
[Black "Lie,K"]
[Result "0-1"]
[WhiteElo "2598"]
[BlackElo "2536"]

1.d4 Nf6 2.c4 e6 3.Nf3 Bb4+ 4.Nbd2 b6 5.a3 Bxd2+ 6.Qxd2 Bb7 7.b4 O-O 8.Bb2 d6
9.g3 Nbd7 10.Bg2 Be4 11.O-O a5 12.Qc3 Qb8 13.Bh3 b5 14.d5 e5 15.Bxd7 Nxd7
16.Nd2 Bg6 17.c5 f5 18.f4 Qb7 19.fxe5 dxe5 20.Nf3 axb4 21.axb4 Rxa1 22.Rxa1 Qxd5
23.Ra7 f4 24.Rxc7 fxg3 25.hxg3 Qe6 26.Kg2 Be4 27.c6 Nf6 28.Qxe5 Qc4 29.Kh3 Bxf3
30.Rxg7+ Kh8 31.Rg5 Bg4+ 32.Kh2 h6 33.c7 hxg5 34.Qe7 Qxe2+ 35.Qxe2 Bxe2 36.Bxf6+  0-1

[Event "XVIII Kochan Mem"]
[Site "Koszalin POL"]
[Date "2007.08.13"]
[Round "9"]
[White "Malaniuk,V"]
[Black "Kanarek,M"]
[Result "1/2-1/2"]
[WhiteElo "2522"]
[BlackElo "2226"]

1.d4 Nf6 2.Nf3 e6 3.c4 Bb4+ 4.Nbd2 b6 5.a3 Bxd2+ 6.Bxd2 Bb7 7.Bg5 h6 8.Bh4 d6
9.e3 Nbd7 10.Nd2 Qe7 11.Be2 c5 12.Bf3 Bxf3 13.Qxf3 O-O 14.O-O Rfc8 15.Rac1  1/2-1/2

[Event "New England Masters"]
[Site "Peabody USA"]
[Date "2007.08.14"]
[Round "3"]
[White "Rizzitano,J"]
[Black "Hess,Ro"]
[Result "1/2-1/2"]
[WhiteElo "2328"]
[BlackElo "2439"]

1.d4 Nf6 2.c4 e6 3.Nf3 Bb4+ 4.Nbd2 O-O 5.e3 d5 6.a3 Be7 7.Bd3 b6 8.O-O Bb7
9.b4 Nbd7 10.c5 a5 11.Bb2 c6 12.Qc2 Qc7 13.Ne5 Ba6 14.f4 Rfb8 15.Nxd7 Qxd7
16.Bc3 Bxd3 17.Qxd3 Ne8 18.h3 axb4 19.axb4 Nc7 20.Nf3 Nb5 21.Bd2 Qb7 22.f5 exf5
23.Qxf5 Bf6 24.g4 Rxa1 25.Rxa1 bxc5 26.bxc5 h6 27.Kg2 Ra8 28.Rxa8+ Qxa8 29.Qd7 Na3
30.Be1 Nc4 31.Bf2 Kf8 32.Kf1 g6 33.h4 Qe8 34.Qxe8+ Kxe8 35.Ke2 Bd8 36.Bg3 Kd7
37.Nd2 Nxd2 38.Kxd2 Ke6 39.Ke2 f5 40.Kf3 fxg4+ 41.Kxg4 h5+ 42.Kf3 Kf5 43.Bf2 g5
44.hxg5 Bxg5 45.Bg3 Be7 46.Bh2 h4 47.Bc7 Bf6 48.Bh2 Bd8 49.Bd6  1/2-1/2

[Event "Petrovskaya Ladya GM"]
[Site "Peterhof RUS"]
[Date "2007.08.14"]
[Round "2"]
[White "Matlakov,M"]
[Black "Khruschiov,A"]
[Result "1/2-1/2"]
[WhiteElo "2416"]
[BlackElo "2454"]

1.d4 Nf6 2.c4 e6 3.Nf3 Bb4+ 4.Nbd2 d5 5.a3 Be7 6.g3 O-O 7.Bg2 b6 8.O-O c5
9.cxd5 exd5 10.b3 Nc6 11.Bb2 Ba6 12.Rc1 Rc8 13.Re1 Re8 14.dxc5 bxc5 15.Bxf6 gxf6
16.Nh4 Bf8 17.e4 Nd4 18.Qg4+ Kh8 19.Nf5 Qd7 20.Bh3 Nxf5 21.Qf4 Bd6 22.Qxf5 Qxf5
23.Bxf5 Rcd8 24.exd5 Rxe1+ 25.Rxe1 Be5 26.Nf3 Rxd5 27.Be4 Rd6 28.Kg2 Bb2
29.a4 Bc8 30.Bd5 Kg7 31.Bc4 Be6 32.Re2  1/2-1/2